Guitar Romantic Search Adventure - Wallows (All Lyrics) - Statistics

General Stats
  • This quiz has been taken 17 times
  • The average score is 145 of 199
Answer Stats
Hint Answer % Correct
I
100%
a
91%
A
91%
all
91%
in
91%
me
91%
on
91%
the
91%
we
91%
you
91%
You
91%
Adventure,
82%
ever
82%
for
82%
forward
82%
get
82%
Guitar
82%
"I'm
82%
I'm
82%
it
82%
it's
82%
just
82%
Just
82%
know?
82%
know
82%
Look
82%
look
82%
my
82%
Pre-Chorus My
82%
over
82%
Romantic
82%
Search
82%
So
82%
tell
82%
That
82%
that
82%
to
82%
up
82%
Will
82%
will
82%
your
82%
you're
82%
and
73%
can
73%
could
73%
Could
73%
don't
73%
go
73%
go?
73%
grew
73%
head
73%
hope
73%
instead
73%
Is
73%
Listening
73%
now
73%
now?
73%
of
73%
off
73%
Pretender"
73%
really
73%
repeat
73%
right
73%
saying?
73%
Verse 1 Speaking
73%
things
73%
try
73%
waitin'
73%
when
73%
already
64%
begun
64%
but
64%
by,
64%
by
64%
can't
64%
character
64%
going
64%
grows
64%
gun
64%
if
64%
knew
64%
let
64%
life's
64%
make
64%
music
64%
not
64%
seem
64%
something
64%
sometime
64%
take
64%
time
64%
tongue
64%
too
64%
way
64%
we've
64%
Wish
64%
words
64%
away,
55%
check
55%
constantly
55%
dawn
55%
fly
55%
help
55%
hold
55%
little
55%
loved
55%
Memorizing
55%
mine
55%
next
55%
own
55%
punch
55%
respond
55%
show
55%
there
55%
us
55%
virtually
55%
waiting
55%
acting
45%
both
45%
box
45%
like
45%
Making
45%
Or
45%
plans
45%
red
45%
'til
45%
Verse 2 Trying,
45%
Wonder
45%
cancel
36%
Dreaming,
36%
fired
36%
new
36%
Bridge Sharing
36%
rate
27%
it'd
9%
No matching quizzes found
Score Distribution
Percent of People with Each Score
Percentile by Number Answered
Your Score History
You have not taken this quiz